| 000 | 00519nam a22001937a 4500 | ||
|---|---|---|---|
| 999 |
_c524902 _d524902 |
||
| 003 | NUST | ||
| 005 | 20190627060908.0 | ||
| 008 | 190627b ||||| |||| 00| 0 eng d | ||
| 038 | _aWaseem | ||
| 082 |
_a891.421 _bBHA |
||
| 100 |
_aBhatti, Hatam _915702 |
||
| 245 |
_aHarfan Har Poray / _cHatam Bhatti |
||
| 260 |
_aLahore : _bShirkat Press, _c1998. |
||
| 300 | _a176 p. ; | ||
| 500 | _aPaperback. | ||
| 880 |
_6100-01\r _aھاتم بھٹی |
||
| 880 |
_6245-02\r _a /حرفاں ھار پروئے |
||
| 942 |
_2ddc _cBK |
||